Score 0/24 Timer 02:00
0 Plays Today
Song Missing Word % Correct
I Am the ____Walrus
87.2%
Here, There and ____Everywhere
82.5%
Magical ____ TourMystery
80.8%
Please ____ MePlease
78.6%
I Wanna Be Your ____Man
74.9%
All My ____Loving
71.5%
____ My CarDrive
67.3%
Maxwell's ____ HammerSilver
63.9%
____ Wood (This Bird Has Flown)Norwegian
57.1%
It Won't Be ____Long
57%
Why Don't We Do It in the ____?Road
46.6%
The ____ BeforeNight
46.4%
Song Missing Word % Correct
And Your ____ Can SingBird
44.1%
____ for Your LifeRun
43.3%
Fixing a ____Hole
43.1%
I've Just Seen a ____Face
40.3%
____ SlumbersGolden
39.8%
I'm Happy Just to ____ with YouDance
38.9%
____ BetterGetting
36.6%
Oh! ____Darling
36.1%
____ Never KnowsTomorrow
31.8%
____ My DearMartha
30%
____ PieHoney
28.5%
What You're ____Doing
25%

Today's Daily Dose

Missing Word
I Hardly Know Her!

Word Ladder
Sentence Ending

Quick Pick
Female Firsts

Get the Picture
Triathlon Sports

Remove Ads.
Support Sporcle.
Get the best of Sporcle when you Go Orange. This ad-free experience offers more features, more stats, and more fun while also helping to support Sporcle. Thank you for becoming a member.

You're not logged in!

Compare scores with friends on all Sporcle quizzes.
OR
Log In

Show Comments

Extras

Top Quizzes Today


Score Distribution

Your Account Isn't Verified!

In order to create a playlist on Sporcle, you need to verify the email address you used during registration. Go to your Sporcle Settings to finish the process.

Report this User

Report this user for behavior that violates our Community Guidelines.

Details: